Sídlo duše inšpiratívna vízia duchovného vývoja ľudstva

Bibliographic Details
Main Author: Zukav, Gary (Author)
Other Authors: Bačik, Branislav (Translator)
Format: Book
Language:Slovak
English
PhysicalDescription:xi, 177 s. 21 cm
Published: Bratislava Eastone Books 2011
ISBN:9788081091711
Edition:[1. vyd.]
Series:Esprit
Subjects:

MARC

LEADER 00000nam a2200000 a 4500
001 vtls010332486
003 SK-MaSNL
005 20260301142554.0
008 240313s2011 xo g 000 0 slo
015 |a SNBA2013 
020 |a 9788081091711  |q (brož.) 
035 |a F64D0984-7864-4BBD-AAB5-394140EF0AA5 
035 |a urn:nbn:sk:snk-amjjgq 
035 |a urn:nbn:sk:snk-am001o2t 
040 |a SNK  |b slo  |c SNK  |e AACR2 
041 1 |a slo  |h eng 
044 |a xo  |c SK 
072 7 |a 2  |x Náboženstvo  |2 konspekt 
080 |a 2-183.5  |2 2001 
080 |a 165.322  |2 2001 
080 |a 316.42"19/20"  |2 2001 
080 |a 17.02  |2 2001 
080 |a 2-584  |2 2001 
080 |a 2-582/-587  |2 2001 
080 |a (049)  |2 2001 
080 |a (0.062)  |2 2001 
100 1 |a Zukav, Gary  |4 aut  |9 498331 
240 1 4 |a The seat of the soul  |l Slovensky 
245 1 0 |a Sídlo duše  |b inšpiratívna vízia duchovného vývoja ľudstva  |c Gary Zukav ; [z anglického originálu preložil Branislav Bačik] 
250 |a [1. vyd.] 
260 |a Bratislava  |b Eastone Books  |c 2011 
300 |a xi, 177 s.  |c 21 cm 
490 1 |a Esprit 
650 0 7 |a ľudská duša  |2 SNKPH  |9 68702 
650 0 7 |a duchovné poznanie  |2 SNKPH  |9 3767 
650 0 7 |a postmoderná spoločnosť  |2 SNKPH  |9 1236 
650 0 7 |a zmysel života  |2 SNKPH  |9 4977 
650 0 7 |a duchovný život  |2 SNKPH  |9 1807 
650 0 7 |a sebapoznanie  |2 SNKPH  |9 4292 
650 0 7 |a Spiritual life  |2 SNKPHeng  |9 265583 
650 0 7 |a Human soul  |2 SNKPHeng  |9 326838 
650 0 7 |a Spiritual knowledge  |2 SNKPHeng  |9 281702 
650 0 7 |a Postmodern society  |2 SNKPHeng  |9 314816 
650 0 7 |a Sense of life  |2 SNKPHeng  |9 270861 
650 0 7 |a Self-consciousness  |2 SNKPHeng  |9 281701 
655 7 |a populárno-náučné publikácie  |2 SNKPH  |9 70460 
655 7 |a Popular works  |2 SNKPHeng  |9 90287 
700 1 |a Bačik, Branislav  |4 trl  |9 325739 
830 0 |a Esprit  |9 324913 
919 |a 978-80-8109-171-1 
958 |a OP 
968 |b ENG 
999 |c 770714  |d 772644 
952 |a SNK  |b SNK  |y PREZ  |7 0  |p 17A1060700  |o snkSC 152740  |i snk2013/1330  |8 0  |0 0  |1 0  |4 0  |d 2013-01-21  |l 0  |r 2025-07-23 00:00:00  |w 2026-02-24 
952 |a SNK  |b SNK  |y VYP  |7 0  |p 17A1060699  |o snkSC 152740 D1  |i snk2013/1331  |8 0  |0 0  |1 0  |4 0  |d 2013-01-21  |f 1  |l 0  |r 2026-02-24 00:33:46  |w 2026-02-24